Adult education : impact of national literacy mission/ (Record no. 1026)

000 -LEADER
fixed length control field 00397nam a22001571a 4500
020 ## - INTERNATIONAL STANDARD BOOK NUMBER
ISBN 8170208440
082 ## - DEWEY DECIMAL CLASSIFICATION NUMBER
Classification number 374
Item number GOV/A
100 ## - MAIN ENTRY--AUTHOR NAME
Personal name Govindappa K
245 ## - TITLE STATEMENT
Title Adult education : impact of national literacy mission/
Statement of responsibility, etc by Govindappa K
260 ## - PUBLICATION, DISTRIBUTION, ETC. (IMPRINT)
Place of publication New Delhi:
Name of publisher Cosmo,
Year of publication 1998.
300 ## - PHYSICAL DESCRIPTION
Number of Pages 277p.
650 ## - SUBJECT ADDED ENTRY--TOPICAL TERM
Topical Term Adult Education
650 ## - SUBJECT ADDED ENTRY--TOPICAL TERM
Topical Term Education
650 ## - SUBJECT ADDED ENTRY--TOPICAL TERM
Topical Term Social Sciences
942 ## - ADDED ENTRY ELEMENTS (KOHA)
Koha item type Book
Holdings
Withdrawn status Lost status Damaged status Not for loan Permanent Location Current Location Date acquired Cost, normal purchase price Full call number Accession Number Cost, replacement price Price effective from Koha item type
        Sree Sankaracharya University of Sanskrit Sree Sankaracharya University of Sanskrit 08.01.2015 495.00 374 GOV/A 017059 0.00 08.01.2015 Book